Fedics Mihály mesél

Elmentve itt :
Bibliográfiai részletek
Szerző: Fedics Mihály
További közreműködők: Ortutay Gyula
Dokumentumtípus: Cikk
Sorozat:Kolligátum
Kulcsszavak:Népmese - magyar
Online Access:http://misc.bibl.u-szeged.hu/24379
LEADER 00528nab a2200169 i 4500
001 misc24379
005 20191111110813.0
008 170802suuuu hu o 0|| zxx d
040 |a SZTE Miscellanea Repozitórium  |b hun 
041 |a zxx 
100 1 |a Fedics Mihály 
245 1 0 |a Fedics Mihály mesél  |h [elektronikus dokumentum] /  |c  Fedics Mihály 
300 |a 107-129 
490 0 |a Kolligátum 
695 |a Népmese - magyar 
700 0 1 |a Ortutay Gyula 
856 4 0 |u http://misc.bibl.u-szeged.hu/24379/1/011_016_107-129.pdf  |z Dokumentum-elérés